|
|
|
|
| LEADER |
02619nam a2200649 a 4500 |
| 001 |
nkc20102124421 |
| 003 |
CZ PrNK |
| 005 |
20230711155513.0 |
| 007 |
ta |
| 008 |
100903s2010 xr cj g 000 fdcze |
| 015 |
|
|
|a cnb002124421
|
| 020 |
|
|
|a 978-80-7384-346-5
|q (váz.)
|
| 035 |
|
|
|a (OCoLC)697263923
|
| 040 |
|
|
|a OLA001
|b cze
|d ABA001
|
| 041 |
1 |
|
|a cze
|h eng
|
| 043 |
|
|
|a e-uk-en
|
| 045 |
|
|
|a s2s8
|
| 072 |
|
7 |
|a 821.111-3
|x Anglická próza, anglicky psaná
|2 Konspekt
|9 25
|
| 080 |
|
|
|a 821.111-31
|2 MRF
|
| 080 |
|
|
|a 929.731
|2 MRF
|
| 080 |
|
|
|a 929.731-058.833
|2 MRF
|
| 080 |
|
|
|a 94(410.1)"1455/1485"
|2 MRF
|
| 080 |
|
|
|a 94(410.1)
|2 MRF
|
| 080 |
|
|
|a (0:82-311.6)
|2 MRF
|
| 100 |
1 |
|
|a Plaidy, Jean,
|d 1906-1993
|7 jn19981001994
|4 aut
|
| 245 |
1 |
0 |
|a Rudá růže z Anjou /
|c Jean Plaidy ; [přeložila Zdeňka Zvěřinová]
|
| 250 |
|
|
|a Vyd. 1.
|
| 260 |
|
|
|a Praha :
|b Baronet,
|c 2010
|
| 300 |
|
|
|a 394 s. :
|b portréty, geneal. tabulky ;
|c 20 cm
|
| 500 |
|
|
|a Přeloženo z angličtiny
|
| 600 |
0 |
7 |
|a Jindřich
|b VI.,
|c anglický král,
|d 1421-1471
|7 jx20090904004
|2 czenas
|
| 600 |
0 |
7 |
|a Markéta z Anjou,
|c anglická královna, choť Jindřicha VI., anglického krále,
|d 1430-1482
|7 mzk2004252331
|2 czenas
|
| 600 |
0 |
9 |
|a Henry
|b VI.,
|c King of England,
|d 1421-1471
|2 eczenas
|
| 600 |
0 |
9 |
|a Margaret of Anjou,
|c Queen, consort of Henry VI, King of England,
|d 1430-1482
|2 eczenas
|
| 648 |
|
4 |
|a 1421-1471
|
| 648 |
|
4 |
|a 1430-1482
|
| 648 |
|
7 |
|a 15. století
|7 ch460553
|2 czenas
|
| 650 |
0 |
7 |
|a panovníci
|7 ph117250
|z Anglie
|y 15. století
|2 czenas
|
| 650 |
0 |
7 |
|a manželky panovníků
|7 ph122617
|z Anglie
|y 15. století
|2 czenas
|
| 650 |
0 |
7 |
|a války růží (1455-1485 : Anglie)
|7 ph175768
|2 czenas
|
| 650 |
0 |
9 |
|a kings and rulers
|z England
|y 15th century
|2 eczenas
|
| 650 |
0 |
9 |
|a rulers' spouses
|z England
|y 15th century
|2 eczenas
|
| 650 |
0 |
9 |
|a Wars of the Roses (1455-1485 : England)
|2 eczenas
|
| 651 |
|
7 |
|a Anglie
|7 ge134022
|x dějiny
|y 15. století
|2 czenas
|
| 651 |
|
9 |
|a England
|x history
|y 15th century
|2 eczenas
|
| 655 |
|
7 |
|a anglické romány
|7 fd131814
|2 czenas
|
| 655 |
|
7 |
|a historické romány
|7 fd132414
|2 czenas
|
| 655 |
|
9 |
|a English fiction
|2 eczenas
|
| 655 |
|
9 |
|a historical novels
|2 eczenas
|
| 765 |
0 |
|
|t Red rose of Anjou
|9 Česky
|
| 787 |
0 |
8 |
|i Z cyklu:
|t Dynastie Plantagenetů
|g 13
|
| 856 |
4 |
1 |
|u https://www.digitalniknihovna.cz/mzk/uuid/uuid:e32abba0-d34c-11e2-8f90-005056827e51
|y Digitalizovaný dokument
|x NDK
|
| 910 |
2 |
|
|a BOA001
|b 1-1246.671
|
| 990 |
|
|
|a BK
|
| 995 |
|
|
|a 01
|
| 991 |
|
|
|b 201011
|e b
|
| 996 |
6 |
|
|b 2610451249
|c 1-1246.671
|l MZK
|r Sklad / do 1 hodiny
|n 2
|p p.v.
|w 001152000
|u 000010
|a 1
|e BOA001
|j MZK50
|s P
|